|
|
|
|
| LEADER |
00000cam a2200000 7i4500 |
| 001 |
0000003116 |
| 005 |
20040527.0 |
| 020 |
0 |
0 |
|a 9832031680
|
| 090 |
0 |
0 |
|a 006.6
|b JAM 2002
|
| 100 |
0 |
0 |
|a JAMALLUDIN Harun
|
| 245 |
1 |
0 |
|a Macromedia authorware 6 :
|b asas pembangunan aplikasi multimedia interaktif 4
|c Jamaluddin Harun, Zaidatun Tasir
|
| 260 |
0 |
0 |
|a Kuala Lumpur :
|b Venton Pub. ,
|c 2002
|
| 300 |
|
|
|a xvii., 350 p. :
|b ill. ;
|c 25 cm.
|
| 440 |
0 |
0 |
|a Web sites
|x Authoring programs
|
| 650 |
0 |
0 |
|a Interactive multimedia
|x Authoring programs
|
| 650 |
0 |
0 |
|a Web publishing
|
| 700 |
0 |
1 |
|a Zaidatun Tasir
|
| 998 |
|
|
|a JPSM
|
| 999 |
|
|
|a 0000005555
|b Monograph
|c Open Shelf
|e Default branch
|